|
|
|
|
| LEADER |
00000cam a2200000 7i4500 |
| 001 |
0000004350 |
| 005 |
20050413.0 |
| 020 |
|
|
|a 0419183108
|
| 040 |
|
|
|a INS
|
| 090 |
0 |
0 |
|a HD586.
|b U73
|c 1993
|
| 245 |
0 |
0 |
|a Urban regeneration :
|b Property investment and development
|c Jim Berry, Stanley McGreal and Bill Deddis
|
| 260 |
|
|
|a London :
|b E & F. N. Spon ,
|c 1993
|
| 300 |
|
|
|a 350p. ;
|c 24cm.
|
| 650 |
0 |
0 |
|a Investments
|z Great Britain
|
| 650 |
0 |
0 |
|a Real estate development
|z Great Britain
|
| 650 |
0 |
0 |
|a Urban renewal
|z Great Britain
|x Economic aspect
|
| 700 |
1 |
|
|a Berry, Jim
|
| 999 |
|
|
|a 0000006236
|b BOOK
|c Open Shelf
|e Default branch
|